000 01133nam a22002537a 4500
999 _c21703
_d21703
003 AR-CdUCM
008 190425b ||||| |||| 00| 0 spa d
040 _aMUNICIPALIDAD PROVINCIAL DEL CUSCO
_cBIBLIOTECA MUNICIPAL DEL CUSCO
082 _aRev.Univ/N°31/1920
_bRev.Univ/N°31/1920
110 _aUniversidad Nacional de San Antonio Abad del Cusco
_915942
245 _aRevista Universitaria :
_bÓrgano de la Universidad del Cuzco /
260 _aCusco :
_bEl Trabajo,
_cmarzo 1920.
300 _a50 páginas. :
_c20 cm.
440 _aRevista Universitaria
_nAño IX, marzo 1920, N°31
_945812
505 _aContenido: Contribución á la flora del departamento del Cuzco. Fortunato L. Herrera. -- La crisis universitaria. Luis Bustamante i Rivero. -- Los Varayocc. Pastor Ordoñez. -- Organización de las escuelas rurales. Bravo Mejía.
650 _aEscuelas rurales
_94642
650 _aVarayoq
_945810
650 _aBotánica cusqueña
_945807
650 _aFlora cusqueña
_931363
650 _aSiglo XX
_945802
710 _aUniversidad Nacional de San Antonio Abad del Cusco
_915942
942 _2ddc
_cPP
945 _arac